أحكام الجنائز في ضوء الكتاب والسنة / (Record no. 123302)

MARC details
000 -الفاتح
عناصر البيانات ثابتة الطول 00769cam a2200205 i 4500
005 - تاريخ ووقت آخر معاملة
حقل ضبط 20251218145711.0
008 - عناصر البيانات ثابتة الطول
عناصر البيانات ثابتة الطول 250721s2010 xx gr 000 0 ara d
082 14 - رقم تصنيف ديوي العشري
رقم التصنيف 217.8
رقم المادة ق ح ط
100 1# - مدخل رئيسي – اسم شخصي
الاسم الشخصي القحطاني، سعيد بن علي بن وهف
علاقة الشخص بالعمل/ دوره مؤلف.
245 10 - بيان العنوان
العنوان أحكام الجنائز في ضوء الكتاب والسنة /
بيان المسؤولية تأليف سعيد بن علي بن وهف القحطاني.
250 ## - بيان الطبعة
بيان الطبعة الطبعة الاولى.
264 31 - بيانات النشر، التوزيع…إلخ
مكان النشر، التوزيع...إلخ اربد :
اسم الناشر، الموزع...إلخ المركز القومي للنشر،
تاريخ النشر، التوزيع...إلخ 2010.
300 ## - الوصف المادي
عدد الوحدات المكونة للوعاء 399 صفحة.
650 17 - مدخل إضافي بالموضوع - مصطلح موضوعي
مصطلح موضوعي أو اسم جغرافي كعنصر مدخل الفقه الاسلامي.
650 17 - مدخل إضافي بالموضوع - مصطلح موضوعي
مصطلح موضوعي أو اسم جغرافي كعنصر مدخل الفتاوي.
650 17 - مدخل إضافي بالموضوع - مصطلح موضوعي
مصطلح موضوعي أو اسم جغرافي كعنصر مدخل الشريعة الاسلامية.
650 17 - مدخل إضافي بالموضوع - مصطلح موضوعي
مصطلح موضوعي أو اسم جغرافي كعنصر مدخل الجنائز.
942 ## - بيانات إضافية (كوها)
نوع التنصيف Dewey Decimal Classification
نوع المادة (كوها) Books
Holdings
حالة السحب حالة الفقدان مصدر التصنيف حالة التلف غير قابل للإعارة المكتبة الرئيسية المكتبة الحالية موقع الرف تاريخ التزويد الرقم المتسلسل Total Checkouts رقم الإستدعاء الباركود تاريخ آخر ظهور تاريخ الفاتورة نوع المادة (كوها)
    Dewey Decimal Classification     المكتبة المركزية المكتبة المركزية الإعارة 28/07/2025 1438461   217.8 / ق ح ط PLD00200219 28/07/2025 28/07/2025 Books
    Dewey Decimal Classification     مكتبة البراعم الواعدة مكتبة البراعم الواعدة الإعارة 10/04/2011 1438464   217.8/قحط PLD00200583 28/07/2025 10/04/2011 Books
Implemented & Customized by: BBB with SCIT (Smart Chains for Information Technology)

Powered by Koha